000 00310nam a2200145Ia 4500
100 _aLurie/Ju
650 _aChemistry
942 _cBK
654 _aHandbook
245 _aHandbook of Analytical Chemistry
260 _bMir Publishers
_aMoscow
_c1975
082 _a543
300 _a488
546 _aENGLISH
999 _c31817
_d31817